| 000 | 01448cam a2200349 a 4500 | ||
|---|---|---|---|
| 999 |
_c534035 _d534035 |
||
| 001 | 2075657 | ||
| 003 | NUST | ||
| 005 | 20200128155030.0 | ||
| 008 | 940613s1993 enk 000 1 eng d | ||
| 010 | _a 94145449 | ||
| 020 |
_a0140445064 (pbk.) : _c$9.95 ($12.99 Can.) |
||
| 035 | _a(OCoLC)29892884 | ||
| 038 | _aMSOHAIL | ||
| 040 |
_aODa _cODa _dDLC |
||
| 041 | 1 |
_aeng _hrus |
|
| 042 | _alccopycat | ||
| 050 | 0 | 0 |
_aPG3366.A15 _bW55 1993 |
| 082 | 0 | 0 |
_a891.733 _220 |
| 100 | 1 |
_aTolstoy, Leo, _cgraf, _d1828-1910. _928152 |
|
| 240 | 1 | 0 |
_aShort stories. _kSelections. _lEnglish |
| 245 | 1 | 0 |
_aHow much land does a man need? : _band other stories / _cLeo Tolstoy ; translated by Ronald Wilks ; with an introduction by A.N. Wilson. |
| 260 |
_aLondon ; _aNew York : _bPenguin Books, _cc1993. |
||
| 300 |
_axiii, 227 p. ; _c20 cm. |
||
| 440 | 0 |
_aPenguin classics _911658 |
|
| 505 | 0 | _aThe woodfelling -- Two Hussars -- How much land does a man need? -- Where love is, God is -- What men live by -- Neglect a spark and the house burns down -- The two old men -- The raid -- A prisoner of the Caucasus. | |
| 600 | 1 | 0 |
_aTolstoy, Leo, _cgraf, _d1828-1910 _xTranslations into English. _928153 |
| 700 | 1 |
_aWilks, Ronald. _928154 |
|
| 700 | 1 |
_aWilson, A. N., _d1950- _928155 |
|
| 906 |
_a7 _bcbc _ccopycat _d3 _encip _f19 _gy-gencatlg |
||
| 942 |
_2ddc _cBK |
||